• 首页
  • 本馆介绍
  • 公告通知
  • 最新文献
  • 馆藏检索
  • 电子资源
  • 读者导购
  • 参考咨询
  • 我的图书馆
  • 登录
  • 详细信息显示
  • 放入我的书架
  • 预约/预借图书
  • 作者相关作品
  • 分类相关作品
  • 丛书相关作品
  • 出版社相关作品

书目信息

  • 表格格式
  • 工作单格式
  • 卡片格式
题名:
文艺心理学通论
    
 
作者: 陈进波 , 惠尚学 著
分册:  
出版信息: 兰州   兰州大学出版社  1999
页数: 467页
开本: 20cm
丛书名:
单 册:
中图分类: I0-05
科图分类:
主题词: 文学理论
电子资源:
ISBN: 7-311-01573-1
000 00588nam0 2200205 45
001 0310152108
005 20031219104120.1
010    @a7-311-01573-1@dCNY22.50
100    @a20031015d1999 km y0chiy0120 ea
101 0  @achi
105    @a z 000yy
200 1  @a文艺心理学通论@AWen Yi Xin Li Xue Tong Lun@f陈进波,惠尚学著@FChen Jin Bo,Hui Shang Xue Zhu
210    @a兰州@c兰州大学出版社@d1999
215    @a467页@d20cm
606 0  @a文学理论
690    @aI0-05@v4
701  0 @a陈进波@4著
701  0 @a惠尚学@4著
801    @aCN@bTSTC@c20031015
905    @a213230@b326973-977@dI0-05@e240@f5
    
    文艺心理学通论/陈进波,惠尚学著.-兰州:兰州大学出版社,1999
    467页;20cm
    
    
    ISBN 7-311-01573-1:CNY22.50
    
●
相关链接 在E读中查询图书 在五车中查询图书 在当当中查询图书 在豆瓣中查询图书


正题名:文艺心理学通论     索取号:I0-05/240         预约/预借

序号 登录号 条形码 馆藏地/架位号 状态 备注
1 0326973   203269738   第二借阅区/ [索取号:I0-05/240] 在馆    
2 0326974   203269747   第二借阅区/ [索取号:I0-05/240] 在馆    
3 0326975   203269756   第二借阅区/ [索取号:I0-05/240] 在馆    
4 0326976   203269765   第二借阅区/ [索取号:I0-05/240] 在馆    
5 0326977   203269774   第一样本阅览室/ [索取号:I0-05/240] 在馆    
唐山师范学院图书馆 欢迎您!
大连网信软件有限公司© 版权所有